00398nam a2200157 a 450000100060000000300090000600800410001502000140005604000280007008200140009824500320011226000310014430000110017565000280018665000260021412911CO-ViMGA141112s2004 ck r 000 u spa d a928060028 aCO-ViMGAbspacCO-ViMGA04a362.7 U5410aLos derechos de los niños aNew York, cUnicef, c1989 a127 p.14aDERECHOS DE LOS NIÑOS14aNIÑOS - LEGISLACION